Giáo trình thuốc thử hữu cơ trong hóa phân tích

Saved in:
Bibliographic Details
Main Author:  Lê Văn Tán
Format: Sách
Language:Undetermined
Published:  Khoa học và Kỹ thuật  2010
Subjects:
Tags: Add Tag
No Tags, Be the first to tag this record!
Institutions: Trung tâm Thư viện - Trường Đại học Công nghiệp TP. Hồ Chí Minh
LEADER 00536nam a2200157Ia 4500
001 UIH_04803
008 231011s9999 xx 000 0 und d
082 |a  543 
100 |a  Lê Văn Tán 
245 0 |a  Giáo trình thuốc thử hữu cơ trong hóa phân tích 
245 0 |c  Lê Văn Tán 
260 |b  Khoa học và Kỹ thuật 
260 |c  2010 
650 |a  Hóa học phân tích;  
927 |a Sách 
980 |a Trung tâm Thư viện - Trường Đại học Công nghiệp TP. Hồ Chí Minh